Methods of operational planning of the deliveries on the power energy wholesale market of Russia; 49th International Universities' Power Engineering Conference (UPEC), 2-5 Sept. 2014, Cluj-Napoca, Romania
| Parent link: | 49th International Universities' Power Engineering Conference (UPEC), 2-5 Sept. 2014, Cluj-Napoca, Romania.— 2014.— [5 p.] |
|---|---|
| Autor principal: | |
| Autor corporatiu: | |
| Altres autors: | |
| Sumari: | Title screen Current work studies the wholesale electricity market of the Russian Federation. By historical standards this market emerged recently. The experience of its work is being accumulated, the problems affecting its efficiency being revealed. Режим доступа: по договору с организацией-держателем ресурса |
| Idioma: | anglès |
| Publicat: |
2014
|
| Matèries: | |
| Accés en línia: | http://dx.doi.org/10.1109/UPEC.2014.6934642 |
| Format: | MixedMaterials Electrònic Capítol de llibre |
| KOHA link: | https://koha.lib.tpu.ru/cgi-bin/koha/opac-detail.pl?biblionumber=641360 |
MARC
| LEADER | 00000naa0a2200000 4500 | ||
|---|---|---|---|
| 001 | 641360 | ||
| 005 | 20250327112938.0 | ||
| 035 | |a (RuTPU)RU\TPU\network\6277 | ||
| 090 | |a 641360 | ||
| 100 | |a 20150518d2014 k||y0rusy50 ba | ||
| 101 | 0 | |a eng | |
| 135 | |a drcn ---uucaa | ||
| 181 | 0 | |a i | |
| 182 | 0 | |a b | |
| 200 | 1 | |a Methods of operational planning of the deliveries on the power energy wholesale market of Russia |f A. G. Rusina, G. L. Rusin | |
| 203 | |a Text |c electronic | ||
| 300 | |a Title screen | ||
| 320 | |a [References: 5 tit.] | ||
| 330 | |a Current work studies the wholesale electricity market of the Russian Federation. By historical standards this market emerged recently. The experience of its work is being accumulated, the problems affecting its efficiency being revealed. | ||
| 333 | |a Режим доступа: по договору с организацией-держателем ресурса | ||
| 463 | |t 49th International Universities' Power Engineering Conference (UPEC), 2-5 Sept. 2014, Cluj-Napoca, Romania |o [proceedings] |v [5 p.] |d 2014 | ||
| 610 | 1 | |a электронный ресурс | |
| 610 | 1 | |a труды учёных ТПУ | |
| 610 | 1 | |a correlation and regression analysis | |
| 610 | 1 | |a electricity market | |
| 610 | 1 | |a energy efficiency | |
| 610 | 1 | |a forecasting | |
| 610 | 1 | |a simulation models | |
| 610 | 1 | |a statistical analysis | |
| 610 | 1 | |a time series | |
| 700 | 1 | |a Rusina |b A. G. |c specialist in the field of power engineering |c Professor of Tomsk Polytechnic University, Doctor of technical sciences |f 1981- |g Anastasiya Georgievna |3 (RuTPU)RU\TPU\pers\34587 |9 17949 | |
| 701 | 1 | |a Rusin |b G. L. | |
| 712 | 0 | 2 | |a Национальный исследовательский Томский политехнический университет (ТПУ) |b Энергетический институт (ЭНИН) |b Кафедра электрических сетей и электротехники (ЭСиЭ) |3 (RuTPU)RU\TPU\col\18677 |
| 801 | 2 | |a RU |b 63413507 |c 20150518 |g RCR | |
| 856 | 4 | |u http://dx.doi.org/10.1109/UPEC.2014.6934642 | |
| 942 | |c CF | ||